000 01455cam a2200229Ia 4500
020 _a0663443830 (Student text)
020 _a0663444063 (Teacher's ed.)
020 _a0663443873 (Teacher's ed., skillpack masters)
020 _a0663443903 (Teacher's ed., study book)
020 _a0663443997 (Unit test, form A)
020 _a0663444020 (Unit test, form B)
040 _cTXA
082 _a372 GIN 1987 A079 Or.
100 1 _aClymer, Theodore
245 1 0 _aRide the sunrise /
260 _aLexington, Mass. :
_bGinn and Co.,
_cc1987
300 _a527 p. :
_bcol. ill. ;
_c24 cm. +
_eteacher's ed. + teacher's ed., skillpack masters + teacher's ed., study book + unit tests (2 v.) + teacher's ed. II (box)
500 _aTeacher's ed. II box contains manual and key for: Placement test, Informal reading inventory, Level test (levels 1-6), Mid-level test; Teacher's ed. booster activities (levels 2-6); Reading progress card; Pupil profile card; Management system user's manual (Apple version); Ginn reading program and Texas essential elements; Ginn reading program and Texas educational assessment of minimum skills; Ginn reading program: Materials chart and Scope and sequence; Teacher's eds. for: Wall charts, Language support masters, Reading skills support program, Parent/home newspaper, Parent/home activity sheets, Word card index; Ginn reading program bibliography
500 _aGrade 5
650 0 _aReaders (Elementary)
942 _cEK
999 _c15890
_d15890